地域教材の開発と実践= Development and practice of regional education materials
Сохранить в:
| Формат: | |
|---|---|
| Язык: | Undetermined |
| Опубликовано: |
Japan
土井庄一郎
1990
|
| Предметы: | |
| Метки: |
Добавить метку
Нет меток, Требуется 1-ая метка записи!
|
| Thư viện lưu trữ: | Trung tâm Học liệu Trường Đại học Cần Thơ |
|---|
| LEADER | 00595nam a2200193Ia 4500 | ||
|---|---|---|---|
| 001 | CTU_232279 | ||
| 008 | 210402s9999 xx 000 0 und d | ||
| 082 | |a 370.952 | ||
| 082 | |b D489 | ||
| 245 | 0 | |a 地域教材の開発と実践= | |
| 245 | 0 | |b Development and practice of regional education materials | |
| 245 | 0 | |c Takeo Hashimoto ... [et al.] 橋本健夫 ... [ [et al.] | |
| 260 | |a Japan | ||
| 260 | |b 土井庄一郎 | ||
| 260 | |c 1990 | ||
| 650 | |a Giáo dục,Education | ||
| 650 | |z Nhật Bản | ||
| 910 | |a Tuyến | ||
| 980 | |a Trung tâm Học liệu Trường Đại học Cần Thơ | ||